000 00732nam a22002177a 4500
005 20250611111553.0
010 _aENG-145292
020 _c150.00
_a9788192880099
035 _aEN-128824
037 _bDBAD
082 _a881
100 _aSatyanarayana, S V
_981873
245 _aLife is a Movement/
_cS V Satyanarayana [and] Edited By Chintapatla Sudarshan
250 _a1
260 _aTelangana
_bSmitha Publications
_c2017
270 _a301 Yamuna apt Ramanthapur Hyderabad
_bHyderabad, Telangana
_e500059
_mnvrvp1@gmail.com
_k04027038980
_k9440551552
300 _a91p.;
_c22cm(pbk)
500 _aan Anthology of Poetry
700 _aSudarshan, Chintapatla
_eEditor
_981872
942 _2ddc
_cEN
_h881
_mSAT
999 _c211722
_d211722